| 000 | 00347nam a22001457a 4500 | ||
|---|---|---|---|
| 003 | OSt | ||
| 005 | 20160727222446.0 | ||
| 008 | 160704b xxu||||| |||| 00| 0 eng d | ||
| 040 | _cTEST | ||
| 100 |
_91943 _a Simpson, D |
||
| 245 | _aA Matter of Pride | ||
| 260 |
_aN.Y _b J.B.Lippincott com. _c1959 |
||
| 300 | _aA Matter of Pride | ||
| 942 |
_2ddc _cBK |
||
| 999 |
_c1644 _d1644 |
||